00924nam a22002417a 450000500170000001000130001702000230003003500130005303700160006604000120008208200180009410000250011224501240013726000310026127000560029230000250034850000190037365000620039265000480045494200270050299900190052995201340054820170124110227.0 aA-710492 c180.00a8185070156 aA-710492 bCen Lib/Ret aDPLbEN a954.0841bGUP aGupta, S. N.9105512 aHistory of the national movement :cby S. N. Guptabincluding controversy on thirty pages of Maulana Abdul Kalam Azad / aAgrabY.K.Publishersc1989 a8, Parasuram Nagar, ShahganjbUttar Pradeshe282010 aviii,188p.c21cm(Hb) aIncludes index aAzad Abulkalam -- 1888-1958. -- India wins freedom927568 aPolitics and government -- 1919-1947929882 2ddccENh954.0841mGUP c134508d134508 001040718REFaLbLd2015-07-30eCen Lib/Retg180.00l0o954.0841 GUPpA-710492r2015-07-30 00:00:00t1v180.00w2015-07-30yEN